Best Players to Ever Wear a Bulls Jersey - Statistics

General Stats
  • This quiz has been taken 21 times
  • The average score is 8 of 20
Answer Stats
Hint Answer % Correct
1. Michael Jordan
100%
2. Scottie Pippen
94%
10. Derrick Rose
88%
5. Dennis Rodman
82%
3. Dwyane Wade
65%
12. Demar Derozan
59%
14. Joakim Noah
59%
15. Artis Gilmore
47%
9. Jimmy Butler
47%
18. Bob Love
41%
6. Ben Wallace
35%
19. Jerry Sloan
35%
7. Pau Gasol
35%
8. George Gervin
18%
11. Rajon Rondo
12%
4. Robert Parish
12%
16. Metta World Peace
6%
20. Richard Hamilton
6%
17. Tyson Chandler
6%
13. Nate Thurmond
0%
No matching quizzes found
Score Distribution
Percent of People with Each Score
Percentile by Number Answered
Your Score History
You have not taken this quiz